| 000 | 00445nam a2200193Ia 4500 | ||
|---|---|---|---|
| 008 | 170918s9999 xx 000 0 und d | ||
| 020 | _a9780545162036 | ||
| 050 | _bA265 2010 | ||
| 100 | _aAgee, Jon | ||
| 245 | _aMr. Putney's quacking dog / | ||
| 245 | _cJon Agee. | ||
| 260 | _aNew York : | ||
| 260 | _bScholastic, | ||
| 260 | _c2010 | ||
| 300 | _aunpaged : | ||
| 300 | _bcolored illustration ; | ||
| 300 | _c26cm. | ||
| 500 | _a410 | ||
| 999 |
_c342413 _d342413 |
||